Catalog

Record Details

Catalog Search



The pout-pout fish and the bully-bully shark / ... Read More

Diesen, Deborah,(author.).
Hanna, Dan,(illustrator.).

Available copies

  • 0 of 1 copy available at LARL/NWRL Consortium.

Current holds

1 current hold with 1 total copy.

Show Only Available Copies
Location Call Number / Copy Notes Barcode Shelving Location Status Due Date
Thief River Falls Public Library e DIE (Text) 35500005962863 Main On holds shelf -

Record details

  • ISBN: 9780374304027
  • ISBN: 0374304025
  • Physical Description: 1 volume (unpaged) : color illustrations ; 27 cm.
  • Edition: First edition.
  • Publisher: New York : Farrar Straus Giroux, 2017.

Content descriptions

Summary, etc.:
Mr. Fish finds the courage to speak up for his ... Read More
Subject: Fishes > Juvenile fiction.
Sharks > Juvenile fiction.
Bullying > Juvenile fiction.
Fishes > Fiction.
Sharks > Fiction.
Bullying > Fiction.
Bullying.
Fishes
Sharks.
Genre: Stories in rhyme.
Fiction.
Juvenile works.
LDR 01959cam a22005418i 4500
001264094
003LARL_NWRL_CONSORTIUM
00520210308153428.0
008170414s2017 nyua a 000 1 eng
010 . ‡a 2016057819
040 . ‡aDLC ‡beng ‡erda ‡cDLC ‡dYDX ‡dBTCTA ‡dBDX ‡dWIM ‡dOCLCF ‡dIK2
020 . ‡a9780374304027 ‡q(hardcover)
020 . ‡a0374304025 ‡q(hardcover)
035 . ‡a(OCoLC)964331871
042 . ‡apcc ‡alcac
08200. ‡a[E] ‡223
1001 . ‡aDiesen, Deborah, ‡eauthor. ‡0(LARL_NWRL_CONSORTIUM)197157
24514. ‡aThe pout-pout fish and the bully-bully shark / ‡cDeborah Diesen ; pictures by Dan Hanna.
250 . ‡aFirst edition.
264 1. ‡aNew York : ‡bFarrar Straus Giroux, ‡c2017.
300 . ‡a1 volume (unpaged) : ‡bcolor illustrations ; ‡c27 cm.
336 . ‡atext ‡btxt ‡2rdacontent
336 . ‡astill image ‡bsti ‡2rdacontent
337 . ‡aunmediated ‡bn ‡2rdamedia
338 . ‡avolume ‡bnc ‡2rdacarrier
4900 . ‡aPout-Pout fish
520 . ‡aMr. Fish finds the courage to speak up for his friends when a shark comes to the park and bullies them.
650 0. ‡aFishes ‡vJuvenile fiction.
650 0. ‡aSharks ‡vJuvenile fiction.
650 0. ‡aBullying ‡vJuvenile fiction. ‡0(LARL_NWRL_CONSORTIUM)171105
650 1. ‡aFishes ‡vFiction. ‡0(LARL_NWRL_CONSORTIUM)20283
650 1. ‡aSharks ‡vFiction. ‡0(LARL_NWRL_CONSORTIUM)167287
650 1. ‡aBullying ‡vFiction.
650 7. ‡aBullying. ‡2fast ‡0(LARL_NWRL_CONSORTIUM)37364
650 7. ‡2fast ‡aFishes ‡0(LARL_NWRL_CONSORTIUM)20278
650 7. ‡aSharks. ‡2fast ‡0(LARL_NWRL_CONSORTIUM)30836
655 7. ‡aStories in rhyme. ‡2lcgft
655 7. ‡aFiction. ‡2fast
655 7. ‡aJuvenile works. ‡2fast
7001 . ‡aHanna, Dan, ‡eillustrator. ‡0(LARL_NWRL_CONSORTIUM)197158
905 . ‡uvanderl
901 . ‡a264094 ‡b ‡c264094 ‡tbiblio ‡soclc

Additional Resources